[Event "Mistrzostwa Polski Seniorow w Szachach na 2024 rok"]
[Site "Szklarska Poreba"]
[Date "1899-12-30"]
[Round "8.4"]
[White "Sokolowski, Ryszard"]
[Black "Kujawski, Adam"]
[Result "0-1"]
[WhiteTitle "k"]
[BlackTitle "FM"]
[WhiteElo "1965"]
[BlackElo "2111"]

1. d4 e6 2. c4 d5 3. Nc3 Be7 4. Bf4 Nf6 5. e3 O-O 6. Nf3 c5 7. Bd3 a6 8. cxd5 exd5
9. dxc5 Bxc5 10. O-O Nc6 11. Rc1 Ba7 12. Bg5 h6 13. Bxf6 Qxf6 14. Nxd5 Qxb2 15.
Bb1 g6 16. Qa4 Rd8 17. Rc2 Qh8 18. Rd2 Be6 19. Rfd1 Bxd5 20. Rxd5 Rxd5 21. Rxd5
Qb2 22. Qd1 Kg7 23. g3 Rd8 24. Rxd8 Nxd8 25. Kg2 Bxe3 26. Bc2 Bc5 27. Nd2 Ne6
28. Ne4 Ba7 29. h4 Nd4 30. Bd3 Qxa2 31. h5 Qd5 32. f3 Qxh5 33. Bc4 Qe5 34. Qd3
f5 35. Nc3 Qe1 36. Ba2 b5 37. g4 f4 38. Bb1 Qg3+ 39. Kf1 Qxf3+ 0-1

[Event "Mistrzostwa Polski Seniorow w Szachach na 2024 rok"]
[Site "Szklarska Poreba"]
[Date "1899-12-30"]
[Round "8.5"]
[White "Bugajski, Robert"]
[Black "Stempin, Pawel"]
[Result "1-0"]
[WhiteTitle "FM"]
[BlackTitle "IM"]
[WhiteElo "1975"]
[BlackElo "2315"]

1. c4 e6 2. Nf3 d5 3. d4 Nf6 4. Nc3 Nbd7 5. Bg5 Be7 6. e3 O-O 7. Rc1 a6 8. cxd5
exd5 9. Bd3 c6 10. O-O Re8 11. Qc2 g6 12. Bf4 Nh5 13. Nxd5 Nxf4 14. Nxf4 Bd6 15.
Ne2 Nb6 16. Ng3 Bf8 17. h3 Bg7 18. Rfd1 Nd5 19. a3 Bh6 20. Nf1 Qf6 21. Be4 Be6
22. Re1 Rad8 23. Rcd1 Re7 24. Ne5 Qh4 25. Nf3 Qf6 26. Ne5 Qh4 27. Bxd5 cxd5 28.
Ng3 Rc8 29. Qd2 Rec7 30. Rc1 Qd8 31. Nd3 Bf8 32. Rxc7 Rxc7 33. Rc1 Bd6 34. Rxc7
Qxc7 35. Nf4 Bxf4 36. exf4 f6 37. Ne2 Bf7 38. g3 Qd7 39. g4 Kg7 40. Kg2 Be6 41.
Qe3 Bf7 42. g5 Qd8 43. gxf6+ Qxf6 44. Qe5 Be6 45. Nc3 h6 46. Kg3 Kf7 47. Qc7+
Qe7 48. Qxe7+ Kxe7 49. f5 gxf5 50. Kf4 Kf6 51. Nd1 Bd7 52. Ne3 Be6 53. b4 b6 54.
Nd1 Bd7 55. Nc3 Bc6 56. Nd1 Bd7 57. Ne3 Be6 58. Ng2 Bf7 59. Nh4 Be6 60. Nf3 Bd7
61. Ne5 Bb5 62. h4 Be8 63. Nd3 Bb5 64. Ne1 Ba4 65. Ng2 Bd7 66. Ne3 Be6 67. f3
h5 68. Nd1 Bd7 69. Nc3 Bc6 70. a4 b5 71. a5 Bb7 72. Nd1 Bc8 73. Nb2 Bd7 74. Nd3
Be6 75. Ke3 Ke7 76. Nc5 Bc8 77. Kf4 Kf6 78. Nb3 Bd7 79. Nd2 Bc8 80. Nf1 Bd7 81.
Ng3 Be8 82. Nxf5 Bg6 83. Nd6 Bc2 84. Ne8+ 1-0

[Event "Mistrzostwa Polski Seniorow w Szachach na 2024 rok"]
[Site "Szklarska Poreba"]
[Date "1899-12-30"]
[Round "8.6"]
[White "Flis, Pawel"]
[Black "Rogowski, Jaroslaw"]
[Result "1/2-1/2"]
[WhiteTitle "CM"]
[BlackTitle "k"]
[WhiteElo "1956"]
[BlackElo "2223"]

1. e4 c5 2. Nf3 e6 3. b3 Nc6 4. Bb2 d6 5. d4 cxd4 6. Nxd4 e5 7. Nf3 Nf6 8. Nc3
Be7 9. Be2 O-O 10. O-O h6 11. Qd2 Be6 12. Rad1 Qb8 13. h3 Rd8 14. Qe3 Bf8 15.
Rd2 a6 16. a4 Qc7 17. Rfd1 Rac8 18. Nd5 1/2-1/2

[Event "Mistrzostwa Polski Seniorow w Szachach na 2024 rok"]
[Site "Szklarska Poreba"]
[Date "1899-12-30"]
[Round "8.7"]
[White "Siewert, Roman"]
[Black "Czajkowski, Ryszard"]
[Result "0-1"]
[WhiteTitle "I++"]
[BlackTitle "k"]
[WhiteElo "1911"]
[BlackElo "2031"]

1. e4 e6 2. d3 d5 3. Nd2 c5 4. Ngf3 Nc6 5. g3 Nf6 6. Bg2 Be7 7. O-O O-O 8. Re1
b6 9. e5 Nd7 10. h4 Qc7 11. Qe2 Bb7 12. Nf1 Rac8 13. Bf4 b5 14. h5 h6 15. N1h2
Rfe8 16. Ng4 Bf8 17. c3 Qd8 18. Nh4 Qe7 19. Bf3 b4 20. Qd2 a5 21. a3 Ra8 22. d4
Ba6 23. a4 Bc4 24. Ne3 Nb6 25. dxc5 Qxc5 26. Ng4 Nd7 27. Be3 Qe7 28. Bd4 Nxd4
29. cxd4 Rec8 30. Ne3 Ba6 31. Nxd5 exd5 32. Bxd5 Nb6 33. Bxa8 Rxa8 34. d5 Bb7
35. d6 Qe6 36. Kh2 Bc8 37. Qf4 Bd7 38. Qe4 Rc8 39. Rec1 Rc4 40. Rxc4 Nxc4 41.
Re1 Nxb2 0-1

[Event "Mistrzostwa Polski Seniorow w Szachach na 2024 rok"]
[Site "Szklarska Poreba"]
[Date "1899-12-30"]
[Round "8.8"]
[White "Fraczek, Dariusz"]
[Black "Barwinski, Dionizy"]
[Result "0-1"]
[WhiteTitle "k"]
[BlackTitle "FM"]
[WhiteElo "2011"]
[BlackElo "1938"]

1. e4 c6 2. d4 d5 3. exd5 cxd5 4. Bf4 Nf6 5. c3 e6 6. Nf3 Nc6 7. Bd3 Be7 8. Ne5
a6 9. Nd2 Nxe5 10. dxe5 Nd7 11. Qg4 g5 12. Be3 Nxe5 13. Qe2 Nxd3+ 14. Qxd3 Bd7
15. a4 Bf6 16. Qe2 Bc6 17. Bd4 Bxd4 18. cxd4 Qf6 19. Nf3 O-O 20. Ra3 h6 21. Ne5
Qf4 22. O-O Qxd4 23. Rh3 Qe4 24. Re3 Qxa4 25. Rh3 Qe4 26. Re3 Qf4 27. Qh5 Qh4
28. Qd1 Bb5 29. Rfe1 Qf4 30. Qh5 Qh4 31. Qd1 Qf4 32. Qh5 Qh4 33. Qd1 Kg7 34. g4
f6 35. Ng6 Kxg6 36. Rxe6 Rf7 37. Qc2+ Kg7 38. Qf5 Bd7 0-1

[Event "Mistrzostwa Polski Seniorow w Szachach na 2024 rok"]
[Site "Szklarska Poreba"]
[Date "1899-12-30"]
[Round "8.9"]
[White "Leszner, Liliana"]
[Black "Kowalczuk, Wojciech"]
[Result "0-1"]
[WhiteTitle "WIM"]
[BlackTitle "k"]
[WhiteElo "1944"]
[BlackElo "1990"]

1. e4 e6 2. d3 d5 3. Nd2 Nf6 4. g3 b6 5. Bg2 Bb7 6. e5 Nfd7 7. Ngf3 c5 8. O-O Nc6
9. Re1 g5 10. c4 d4 11. Ne4 h6 12. h4 gxh4 13. gxh4 Ndxe5 14. Nxe5 Nxe5 15. Nxc5
Bxg2 16. Rxe5 Rg8 17. Bg5 Bxc5 18. Bxd8 Bf3+ 19. Rg5 Rxg5+ 20. Bxg5 Bxd1 21. Bxh6
Be2 22. Kh2 Bxd3 23. Rg1 O-O-O 24. Rg7 Bg6 25. Bg5 Rh8 26. Bf6 d3 0-1

[Event "Mistrzostwa Polski Seniorow w Szachach na 2024 rok"]
[Site "Szklarska Poreba"]
[Date "1899-12-30"]
[Round "8.10"]
[White "Rymaszewski, Dariusz"]
[Black "Hilarecki, Grzegorz"]
[Result "1-0"]
[WhiteTitle "k"]
[BlackTitle "k"]
[WhiteElo "1990"]
[BlackElo "1896"]

1. Nf3 d5 2. c4 e6 3. g3 Nf6 4. Bg2 c5 5. O-O Nc6 6. d4 Be7 7. cxd5 exd5 8. dxc5
Bxc5 9. Bg5 Be7 10. Nc3 Be6 11. h3 O-O 12. Be3 Qd7 13. Kh2 Rad8 14. Nd4 Rfe8 15.
Rc1 Nxd4 16. Bxd4 b6 17. e3 Qb7 18. Qe2 Ne4 19. Rfd1 f5 20. Be5 Bf7 21. Nxe4 fxe4
22. Rc7 Qa8 23. Qg4 Bf8 24. Bd4 Rc8 25. Rdc1 Rxc7 26. Rxc7 Qb8 27. Rc3 Qb7 28.
Bf1 Be6 29. Qf4 Re7 30. Kg1 Rf7 31. Qe5 Qd7 32. g4 Bd6 33. Qg5 Bb4 34. Rc1 h6
35. Qg6 Bd6 36. Bb5 Qe7 37. f4 exf3 38. Bd3 Qh4 39. Qxe6 Qg3+ 40. Kf1 Qg2+ 41.
Ke1 f2+ 42. Kd1 f1=Q+ 43. Bxf1 Qxf1+ 44. Kc2 Qf2+ 45. Kb3 Bc5 46. Bxc5 bxc5 47.
Rxc5 Kh7 48. Ka3 d4 49. Qe4+ g6 50. Qxd4 Re7 51. b3 Qf8 52. Qc4 Rxe3 53. Rc8 Qf6
54. Rc7+ Re7 55. b4 Qf3+ 56. Ka4 Qf6 57. b5 Qd6 58. Rxe7+ Qxe7 59. Qd4 Qc7 60.
a3 Qc2+ 61. Ka5 Qc8 62. h4 Qb7 63. Qc5 Qd7 64. Ka6 Qxg4 65. Qxa7+ Kg8 66. Qc5
Qxh4 67. b6 Qa4+ 68. Kb7 h5 69. Qd5+ Kh7 70. Kc7 Qf4+ 71. Qd6 Qc4+ 72. Kb8 Qg8+
73. Ka7 Qc4 74. Qc7+ 1-0

[Event "Mistrzostwa Polski Seniorow w Szachach na 2024 rok"]
[Site "Szklarska Poreba"]
[Date "1899-12-30"]
[Round "8.11"]
[White "Gasik, Piotr"]
[Black "Brylowski, Stefan"]
[Result "1-0"]
[WhiteTitle "k"]
[BlackTitle "I++"]
[WhiteElo "1952"]
[BlackElo "1978"]

1. f4 d5 2. Nf3 g6 3. g3 Bg7 4. Bg2 c5 5. c3 Nc6 6. O-O e5 7. fxe5 Nxe5 8. Nxe5
Bxe5 9. Qa4+ Kf8 10. d3 Kg7 11. Nd2 h5 12. Nf3 Bc7 13. Bg5 f6 14. Bd2 Ne7 15.
e4 Bd7 16. Qc2 Bg4 17. Bf4 Bxf4 18. gxf4 dxe4 19. dxe4 Qc7 20. Nh4 Rad8 21. Rae1
Be6 22. Rf3 Bg4 23. Rf2 Rhe8 24. h3 Bd7 25. Qc1 c4 26. Nf3 Nc6 27. Nd4 Bc8 28.
Qe3 Nb8 29. e5 Nd7 30. Nb5 Qc5 31. Nd6 Qxd6 32. exd6 Rxe3 33. Rxe3 Nc5 34. Re7+
Kh6 35. Rfe2 Rxd6 36. Rc7 1-0

[Event "Mistrzostwa Polski Seniorow w Szachach na 2024 rok"]
[Site "Szklarska Poreba"]
[Date "1899-12-30"]
[Round "9.2"]
[White "Kujawski, Adam"]
[Black "Palosz, Andrzej"]
[Result "1-0"]
[WhiteTitle "FM"]
[BlackTitle "k"]
[WhiteElo "2111"]
[BlackElo "2019"]

1. e4 c5 2. Nf3 e6 3. d4 cxd4 4. Nxd4 a6 5. c4 Nf6 6. Nc3 Qc7 7. Bd3 Nc6 8. Be3
Ne5 9. h3 d6 10. Rc1 Be7 11. O-O O-O 12. f4 Ned7 13. Bb1 b6 14. Nd5 exd5 15. cxd5
Qb7 16. Nc6 Re8 17. Qf3 Bf8 18. Bd4 g6 19. e5 Nh5 20. e6 fxe6 21. dxe6 Nc5 22.
f5 Bg7 23. f6 Nxf6 24. Bxf6 Bxf6 25. Qxf6 Bxe6 26. b4 Qxc6 27. bxc5 bxc5 28. Bxg6
Qd7 29. Bxe8 Rxe8 30. Rce1 Qf7 31. Re3 Qxf6 32. Rxf6 Bf7 33. Rxe8+ Bxe8 34. Rxd6
Bb5 35. Kf2 Kf7 36. g3 c4 37. Rd8 Kf6 38. Ke3 Kf7 39. Kf2 Kf6 40. Ke3 h5 41. Kd4
Kg6 42. h4 Kf6 43. Rg8 Bd7 44. a3 Bb5 45. Rg5 c3 46. Kxc3 Be2 47. Kd4 Bf3 48.
Rc5 Kg6 49. Ke3 Bg2 50. Rg5+ Kh6 51. Kf4 Bh3 52. Rd5 Bf1 53. Rd6+ Kg7 54. Kg5
1-0

[Event "Mistrzostwa Polski Seniorow w Szachach na 2024 rok"]
[Site "Szklarska Poreba"]
[Date "1899-12-30"]
[Round "9.3"]
[White "Czajkowski, Ryszard"]
[Black "Betkowski, Andrzej"]
[Result "0-1"]
[WhiteTitle "k"]
[BlackTitle "k"]
[WhiteElo "2031"]
[BlackElo "2011"]

1. d4 g6 2. c4 Bg7 3. e4 c5 4. d5 d6 5. Be2 e6 6. Nf3 exd5 7. exd5 Bg4 8. O-O Ne7
9. Nc3 Bxf3 10. Bxf3 Nd7 11. Bf4 Ne5 12. Ne4 O-O 13. Be2 h6 14. Ng3 g5 15. Bd2
N7g6 16. Nf5 Qf6 17. Nxg7 Qxg7 18. f4 gxf4 19. Bxf4 Nxf4 20. Rxf4 Rae8 21. Qd2
Re7 22. Raf1 Rfe8 23. Bh5 Qg5 24. Qd1 Ng6 25. Bxg6 fxg6 26. Qf3 Rg7 27. Rf8+ Rxf8
28. Qxf8+ Kh7 29. Qxd6 Qe3+ 30. Kh1 Qe2 31. Qf4 Qxb2 32. Qf2 Qxf2 33. Rxf2 Re7
34. h3 Kg7 35. Kg1 Kh7 36. Kh1 Kg7 37. Kg1 Re4 38. Rc2 Kf6 39. Kf2 g5 40. Rc3
b6 41. Kf3 Rd4 42. Ke3 Ke5 43. g3 h5 44. Rd3 Re4+ 45. Kd2 Kd6 46. Kc3 g4 47. hxg4
hxg4 48. Kb3 a6 49. a4 b5 50. axb5 axb5 51. Rc3 bxc4+ 52. Rxc4 Kxd5 53. Rc3 Rb4+
54. Ka3 Rb1 55. Rd3+ Kc4 56. Re3 Kd4 57. Re8 Rg1 0-1

[Event "Mistrzostwa Polski Seniorow w Szachach na 2024 rok"]
[Site "Szklarska Poreba"]
[Date "1899-12-30"]
[Round "9.4"]
[White "Kowalczuk, Wojciech"]
[Black "Bugajski, Robert"]
[Result "1-0"]
[WhiteTitle "k"]
[BlackTitle "FM"]
[WhiteElo "1990"]
[BlackElo "1975"]

1. e4 c5 2. Nf3 d6 3. d4 cxd4 4. Nxd4 Nf6 5. Nc3 a6 6. Be3 Ng4 7. Bg5 h6 8. Bh4
g5 9. Bg3 Bg7 10. Be2 h5 11. h3 h4 12. Bxg4 hxg3 13. Bxc8 gxf2+ 14. Kxf2 Qxc8
15. Kf1 Nd7 16. Qd2 Qc5 17. Rd1 Nb6 18. b3 O-O-O 19. Nce2 e6 20. c4 Rh4 21. Nf3
Rxe4 22. Qxg5 Qxg5 23. Nxg5 Re5 24. h4 d5 25. c5 Nd7 26. Ke1 f6 27. Nf7 Rxe2+
28. Kxe2 Rf8 29. Nd6+ Kc7 30. b4 b6 31. Rc1 bxc5 32. bxc5 Kc6 33. Rh3 f5 34. Ra3
Ra8 35. Rc2 Nxc5 36. Nb7 Kxb7 37. Rxc5 Kb6 38. Rc2 Kb5 39. Rb3+ Ka4 40. Rb7 Bd4
41. Kd3 e5 42. Rd7 Rg8 43. Rxd5 Rg3+ 44. Kc4 Rg4 45. Kd3 Rg3+ 46. Kc4 Rg4 47.
Rd6 a5 48. h5 Ka3 49. Rg6 Rh4 50. h6 Be3+ 51. Kd5 e4 52. Rc3+ 1-0

[Event "Mistrzostwa Polski Seniorow w Szachach na 2024 rok"]
[Site "Szklarska Poreba"]
[Date "1899-12-30"]
[Round "9.5"]
[White "Barwinski, Dionizy"]
[Black "Rymaszewski, Dariusz"]
[Result "1/2-1/2"]
[WhiteTitle "FM"]
[BlackTitle "k"]
[WhiteElo "1938"]
[BlackElo "1990"]

1. d4 Nf6 2. c4 g6 3. Nc3 Bg7 4. Nf3 O-O 5. g3 d6 6. Bg2 Nc6 7. O-O a6 8. h3 Rb8
9. b3 Na5 10. Bb2 b5 11. cxb5 axb5 12. Nd2 c5 13. dxc5 dxc5 14. a4 bxa4 15. Nxa4
Nxb3 16. Nxb3 Qxd1 17. Rfxd1 Rxb3 18. Rac1 c4 19. Rxc4 Be6 20. Rc7 Rfb8 21. Bxf6
Bxf6 22. Nc5 Rb1 23. Rxb1 Rxb1+ 24. Kh2 Bc4 25. Bf3 Kg7 26. Nd7 Be6 27. Nxf6 Kxf6
28. Kg2 Rd1 29. h4 Rd7 30. Rc5 h6 31. Rc6 Kg7 32. g4 Bd5 1/2-1/2

[Event "Mistrzostwa Polski Seniorow w Szachach na 2024 rok"]
[Site "Szklarska Poreba"]
[Date "1899-12-30"]
[Round "9.6"]
[White "Kot, Jerzy"]
[Black "Gasik, Piotr"]
[Result "1/2-1/2"]
[WhiteTitle "FM"]
[BlackTitle "k"]
[WhiteElo "1955"]
[BlackElo "1952"]

1. g3 f5 2. d4 Nf6 3. Nf3 g6 4. c4 Bg7 5. Bg2 d6 6. Nc3 c6 7. O-O O-O 8. Qc2 Be6
9. b3 Na6 10. Bb2 Rc8 11. Rad1 Kh8 12. Rfe1 Nc7 13. Ng5 Bd7 14. f3 b5 15. e4 b4
16. Ne2 h6 17. Nh3 fxe4 18. fxe4 Qe8 19. Qd2 Bxh3 20. Bxh3 Nxe4 21. Qc2 Nf2 22.
Bxc8 Nxd1 23. Nf4 Rxf4 24. Qxd1 Rf8 25. Bh3 d5 1/2-1/2

[Event "Mistrzostwa Polski Seniorow w Szachach na 2024 rok"]
[Site "Szklarska Poreba"]
[Date "1899-12-30"]
[Round "9.7"]
[White "Rogowski, Jaroslaw"]
[Black "Plesiuk, Andrzej"]
[Result "1/2-1/2"]
[WhiteTitle "k"]
[BlackTitle "k"]
[WhiteElo "2223"]
[BlackElo "1978"]

1. d4 d5 2. c4 c6 3. Nf3 Nf6 4. Nc3 e6 5. e3 Nbd7 6. Qc2 Bd6 7. Bd2 O-O 8. cxd5
cxd5 9. Bd3 a6 10. a4 b6 11. e4 dxe4 12. Nxe4 Be7 13. Ne5 Bb7 14. Rd1 Rc8 15.
Qb1 Nxe4 16. Bxe4 Bxe4 17. Qxe4 Nf6 18. Qd3 1/2-1/2

[Event "Mistrzostwa Polski Seniorow w Szachach na 2024 rok"]
[Site "Szklarska Poreba"]
[Date "1899-12-30"]
[Round "9.8"]
[White "Rak, Tomasz"]
[Black "Czaja, Roman"]
[Result "1-0"]
[WhiteTitle "k"]
[BlackTitle "I+"]
[WhiteElo "1908"]
[BlackElo "2010"]

1. Nf3 d6 2. d4 g6 3. c4 Bg7 4. Nc3 Nf6 5. e4 O-O 6. h3 Nc6 7. Be3 e5 8. d5 Ne7
9. g4 Ne8 10. Bd3 c6 11. Qd2 f5 12. gxf5 gxf5 13. exf5 Nxf5 14. Bg5 Qb6 15. Nh4
Nd4 16. Ne4 cxd5 17. cxd5 Bf5 18. O-O-O Bd7 19. Kb1 Rf7 20. Be3 Nf6 21. Ng5 Re7
22. Nf5 Bxf5 23. Bxf5 Qb5 24. Bxd4 exd4 25. Be6+ Kh8 26. Qc2 Rf8 27. Qf5 h6 28.
h4 Rxe6 29. Qxe6 Nxd5 30. Qg6 hxg5 31. hxg5+ Kg8 32. Rh7 Rf7 33. Rdh1 Kf8 34.
Rxg7 Rxg7 35. Rh8+ Ke7 36. Qxg7+ Ke6 37. Rh6+ Kf5 38. Qg6+ Kg4 39. Rh1 Nf4 40.
Qe4 1-0

[Event "Mistrzostwa Polski Seniorow w Szachach na 2024 rok"]
[Site "Szklarska Poreba"]
[Date "1899-12-30"]
[Round "9.9"]
[White "Szczesniak, Konrad"]
[Black "Sokolowski, Ryszard"]
[Result "1-0"]
[WhiteTitle "k"]
[BlackTitle "k"]
[WhiteElo "2007"]
[BlackElo "1965"]

1. d4 Nf6 2. Nc3 d5 3. Bf4 a6 4. e3 e6 5. Nf3 c5 6. dxc5 Bxc5 7. Bd3 Nc6 8. O-O
Qe7 9. e4 d4 10. e5 Nh5 11. Bg5 f6 12. exf6 gxf6 13. Nxd4 Qf7 14. Nxc6 bxc6 15.
Be4 Bd7 16. Bf3 Ng7 17. Ne4 Be7 18. Bxf6 O-O 19. Qxd7 Bxf6 20. Qxf7+ Rxf7 21.
Nxf6+ Rxf6 22. Bxc6 Rb8 23. b3 Nh5 24. Rad1 e5 25. Be4 Nf4 26. Rd7 Rbf8 27. Re1
h5 28. c4 h4 29. h3 Nh5 30. Bf3 Ng7 31. Rxe5 Rg6 32. Be4 1-0

[Event "Mistrzostwa Polski Seniorow w Szachach na 2024 rok"]
[Site "Szklarska Poreba"]
[Date "1899-12-30"]
[Round "9.11"]
[White "Siewert, Roman"]
[Black "Shilov, Sergej"]
[Result "0-1"]
[WhiteTitle "I++"]
[BlackTitle "FM"]
[WhiteElo "1911"]
[BlackElo "2144"]

1. e4 g6 2. d4 Bg7 3. c3 d6 4. Nf3 Nf6 5. Bd3 O-O 6. O-O c5 7. h3 Nc6 8. Re1 cxd4
9. cxd4 e5 10. d5 Nd4 11. Nc3 Bd7 12. Be3 Nh5 13. Bf1 Nxf3+ 14. Qxf3 f5 15. exf5
Rxf5 16. Qd1 Rf8 17. Rc1 Nf4 18. Ne4 Bf5 19. Ng3 Bd7 20. Ne4 Bf5 21. Ng3 Kh8 22.
Qb3 Qa5 23. Red1 Rf7 24. Rc4 b5 25. Rb4 a6 26. a4 Bc2 27. Qxc2 Qxb4 28. Qc6 Rff8
29. axb5 axb5 30. Qxb5 Rab8 31. Qc6 e4 32. Rc1 Nd3 33. Rc4 Qe1 34. Nxe4 Rxb2 35.
Rc2 Rb1 36. Ng3 Be5 37. Re2 Qd1 38. Rd2 Qb3 39. Qc2 Qxc2 0-1